Mengzi yan jiu ji /

Disimpan dalam:
Butiran Bibliografi
Pengarang Korporat: Zhonghua cong shu bian shen wei yuan hui.
Pengarang-pengarang Lain: Yang, Huazhi.
Format: Buku
Bahasa:Chinese
Diterbitkan: Taibei Shi : Zhonghua cong shu bian shen wei yuan hui, Min guo 52 [1963]
Siri:Zhonghua cong shu.
Subjek-subjek:
Penanda-penanda: Tambah Penanda
Tiada Penanda, Jadilah orang pertama menanda rekod ini!
LEADER 01167cam a2200301 a 4500
001 007728005-9
005 20024617104250.0
008 890724s1963 ch 000 0dchi d
035 0 |a ocm20059347 
040 |a CLU  |c CLU  |d HkUST  |d *YNH*  |d CStRLIN 
245 0 0 |6 880-01  |a Mengzi yan jiu ji /  |c yuan bian zhe Yang Huazhi ; gai bian zhe Zhonghua cong shu bian shen wei yuan hui. 
260 |6 880-02  |a Taibei Shi :  |b Zhonghua cong shu bian shen wei yuan hui,  |c Min guo 52 [1963] 
300 |a 4, 400 p.  |c 21 cm. 
490 1 |6 880-03  |a Zhonghua cong shu 
500 |a Colophon title. 
600 0 0 |6 880-04  |a Mencius.  |t Mengzi. 
700 1 |6 880-05  |a Yang, Huazhi. 
710 2 |6 880-06  |a Zhonghua cong shu bian shen wei yuan hui. 
880 0 0 |6 245-01  |a 孟子研究集 /  |c 原編者楊化之; 改編者中華叢書編審委員會. 
880 |6 260-02  |a 臺北市 :  |b 中華叢書編審委員會,  |c 民國52 [1963] 
880 1 |6 490-03  |a 中華叢書 
880 0 0 |6 600-04  |a Mencius.  |t 孟子. 
880 1 |6 700-05  |a 楊化之. 
880 2 |6 710-06  |a 中華叢書編審委員會. 
830 0 |6 880-53  |a Zhonghua cong shu. 
880 0 |6 830-53  |a 中華叢書. 
988 |a 20021127 
906 |0 OCLC